Filosofía de la educación

Guardat en:
Dades bibliogràfiques
Autor principal: Fullat i Genís, Octavi (Autor)
Format: Llibre
Idioma:espanyol
Publicat: Madrid Síntesis S. A 2008
Edició:1a. ed
Col·lecció:Teoría e Historia de la Educación, 2
Matèries:
Etiquetes: Afegir etiqueta
Sense etiquetes, Sigues el primer a etiquetar aquest registre!

MARC

LEADER 00000cam a2200000 a 4500
001 UCC4830
003 CL-VaPUC
008 180831e20080000sp |||||||||||||||||spa|d
020 |a 9788477387152 
082 0 4 |a 370.1  |b FUL  |2 21 
100 0 |a Fullat i Genís, Octavi  |e author  |9 599030 
245 1 0 |a Filosofía de la educación 
250 |a 1a. ed 
300 |a 190 p 
942 |c BK 
945 |d 20180831 12:04:00  |a dcastane 
260 |a Madrid  |b Síntesis S. A  |c 2008 
650 0 |a Filosofía de la educación   |9 258384 
583 |a last modification  |c 20180831 12:04:00  |k Rodrigo Vera 
490 0 |a Teoría e Historia de la Educación, 2 
999 |c 372216  |d 372214